Classement World Rugby Féminin 2026 - Statistiques

Statistiques générales
  • Ce quiz a été pris 18 fois
    11 depuis la dernière actualisation
  • Le résultat moyen est 15 sur 20
Statistiques - réponses
Hint Réponse Points % Correct
1 Angleterre 98.09
100%
7 Australie 75.46
100%
2 Canada 91.53
100%
4 France 83.60
100%
5 Irlande 78.20
100%
3 Nouvelle Zélande 89.85
100%
10 Afrique du Sud 71.62
91%
6 Ecosse 77.39
91%
14 Espagne 62.42
91%
8 Etats Unis 72.9
91%
9 Italie 72.37
91%
11 Japon 69.72
82%
12 Pays de Galles 66.13
82%
15 Samoa 59.72
82%
13 Fidji 63.98
73%
17 Pays Bas 57.42
36%
18 Russie 55.10
36%
16 Hong Kong 57.56
18%
20 Kenya 50.68
18%
19 Kazakhstan 53.88
0%
Aucun quiz correspondant
Distribution des résultats
% des personnes avec chaque résultat
Percentile par nombre de réponses
Votre historique - résultats
Vous n’avez pas pris ce quiz depuis la dernière actualisation